Orders to leave the national territory issued and fulfilled - Statistics

General Stats
  • This quiz has been taken 4 times
  • The average score is 15 of 27
Answer Stats
Hint Answer % Correct
60 Germany
100%
93 Malta
100%
10 Portugal
100%
17 Belgium
67%
27 Croatia
67%
11 Czech Republic
67%
47 Finland
67%
12 France
67%
26 Greece
67%
22 Hungary
67%
17 Italy
67%
74 Poland
67%
66 Slovakia
67%
11 Slovenia
67%
30 Spain
67%
46 Austria
33%
30 Bulgaria
33%
45 Cyprus
33%
33 Denmark
33%
73 Estonia
33%
35 Ireland
33%
92 Latvia
33%
75 Lithuania
33%
44 Luxembourg
33%
40 Netherlands
33%
82 Romania
33%
40 Sweden
33%
No matching quizzes found
Score Distribution
Percent of People with Each Score
Percentile by Number Answered
Your Score History
You have not taken this quiz